000 00739nam a2200229 a 4500
003 DO-SdBNP
005 20220204123820.0
007 ta
008 220204e2019 dr abc|gr|||| 001 0dspa d
020 _a9789945169928
040 _aDO-SdBNP
_bspa
_cBNPHU
082 4 _222
_bV422m
245 1 0 _aMunicipios:
_bhistoria de la Municipalidad Dominicana /
_cOdalis Vega; Prólogo, Johnny Jones
260 _aSanto Domingo :
_bBúho,
_c2019
300 _a226 p. :
_bil., mapa, retr. ;
_c22 cm.
500 _aIncluye datos biográfico del autor en la contracubierta.
590 _aInventariado 2022 / MF
650 4 _952869
_aMunicipios
_xHistoria
_zRepública Dominicana
700 1 _929835
_aJones, Johnny
910 _aMFeliz
942 _2ddc
_cLBS1
999 _c51345
_d51345